40oz To Freedom Album- All Songs - Statistics

General Stats
  • This quiz has been taken 11 times
  • The average score is 11 of 24
Answer Stats
Answer % Correct
40oz. To Freedom
100%
Date Rape
100%
Smoke Two Joints
78%
Waiting For My Ruca
78%
Badfish
67%
Don't Push
67%
Ebin
67%
Thanx
67%
New Song
56%
New Thrash
56%
Rivers of Babylon
44%
We're Only Gonna Die For Our Arrogance
44%
What Happened
44%
5446 That's My Number/Ball and Chain
33%
Chica Me Tipo
33%
KRS-One
33%
Right Back
33%
D.J.s
22%
Hope
22%
Live at E's
22%
Scarlet Begonias
22%
Get Out!
11%
Let's Go Get Stoned
11%
Trench Town Rock
0%
No matching quizzes found
Score Distribution
Percent of People with Each Score
Percentile by Number Answered
Your Score History
You have not taken this quiz